[Event "RUS-Cup01 Chigorin Memorial"]
[Site "St Petersburg"]
[Date "1996.??.??"]
[Round "5"]
[White "Berezkin, G."]
[Black "Kovalev, Andrei"]
[Result "0-1"]
[WhiteElo "2320"]
[BlackElo "2450"]
[PlyCount "80"]
[EventDate "1996.11.??"]
[EventType "swiss"]
[EventRounds "9"]
[EventCountry "RUS"]
[SourceTitle "CBM 056 Extra"]
[Source "ChessBase"]
[SourceDate "1997.03.01"]
[SourceVersion "1"]
[SourceVersionDate "1997.03.01"]
[SourceQuality "1"]

1. e4 e5 2. Nf3 Nc6 3. Bb5 d6 4. Bxc6+ bxc6 5. d4 exd4 6. Nxd4 c5 7. Ne2 Nf6 8. Bg5 Be7 9. 0-0 Rb8 10. h3 Nxe4 11. Bxe7 Qxe7 12. Nbc3 0-0 13. Nd5 Qd8 14. Re1 c6 15. Ne3 Qf6 16. f3 Ng5 17. h4 Ne6 18. Qxd6 Ba6 19. c4 Qxh4 20. Nd5 Qg5 21. Ne7+ Kh8 22. Nxc6 Rb6 23. Qd7 Bc8 24. Qd5 Qe3+ 25. Kf1 Bb7 26. Qe5 Qh6 27. Nxa7 f6 28. Qg3 f5 29. Nb5 Ng5 30. Ng1 Ne4 31. fxe4 fxe4+ 32. Ke2 Qh5+ 33. Kd2 Rg6 34. Qe3 Rxg2+ 35. Re2 Qe5 36. Nc3 Rg3 37. Qxg3 Qxg3 38. Rc1 Qd3+ 39. Ke1 Rd8 40. a4 Qg3+ 0-1

[Event "RUS-Cup01 Chigorin Memorial"]
[Site "St Petersburg"]
[Date "1996.??.??"]
[Round "6"]
[White "Khamidulin, Aleksey"]
[Black "Berezkin, G."]
[Result "1/2-1/2"]
[WhiteElo "2285"]
[BlackElo "2320"]
[PlyCount "112"]
[EventDate "1996.11.??"]
[EventType "swiss"]
[EventRounds "9"]
[EventCountry "RUS"]
[SourceTitle "CBM 056 Extra"]
[Source "ChessBase"]
[SourceDate "1997.03.01"]
[SourceVersion "1"]
[SourceVersionDate "1997.03.01"]
[SourceQuality "1"]

1. e4 c5 2. c3 d5 3. exd5 Qxd5 4. d4 Nf6 5. Nf3 Bg4 6. Be2 e6 7. Be3 Nbd7 8. c4 Qc6 9. 0-0 Be7 10. h3 Bxf3 11. Bxf3 Qb6 12. Nc3 0-0 13. Na4 Qc7 14. dxc5 Nxc5 15. Nxc5 Bxc5 16. Bxc5 Qxc5 17. Qe2 Rab8 18. Rac1 b6 19. Rfd1 Rfd8 20. a3 a5 21. Qe3 Qxe3 22. fxe3 Nd7 23. b4 Ne5 24. Rxd8+ Rxd8 25. c5 bxc5 26. bxa5 Nxf3+ 27. gxf3 Rc8 28. Kf2 Kf8 29. Ke2 c4 30. Kd2 Ra8 31. Rxc4 Rxa5 32. a4 Ke7 33. Kc3 Re5 34. Kb4 Rxe3 35. a5 Re1 36. a6 Kd7 37. Ka5 Ra1+ 38. Kb6 Rb1+ 39. Ka5 Ra1+ 40. Kb6 Rb1+ 41. Ka7 Rb3 42. Rh4 h6 43. Rg4 g6 44. h4 Rxf3 45. Rb4 Kc7 46. Rb7+ Kc8 47. Rb8+ Kc7 48. Rh8 g5 49. h5 Rf6 50. Rb8 e5 51. Rb7+ Kc8 52. Rb5 Rc6 53. Rb8+ Kc7 54. Rf8 Rf6 55. Re8 Re6 56. Rxe6 fxe6 1/2-1/2

[Event "RUS-Cup01 Chigorin Memorial"]
[Site "St Petersburg"]
[Date "1996.??.??"]
[Round "4"]
[White "Nadjezhdin, Dmitry"]
[Black "Berezkin, G."]
[Result "1-0"]
[WhiteElo "2210"]
[BlackElo "2320"]
[PlyCount "109"]
[EventDate "1996.11.??"]
[EventType "swiss"]
[EventRounds "9"]
[EventCountry "RUS"]
[SourceTitle "CBM 056 Extra"]
[Source "ChessBase"]
[SourceDate "1997.03.01"]
[SourceVersion "1"]
[SourceVersionDate "1997.03.01"]
[SourceQuality "1"]

1. Nf3 d5 2. c4 d4 3. g3 g6 4. Bg2 Bg7 5. 0-0 e5 6. d3 Ne7 7. b4 a5 8. bxa5 Rxa5 9. Nbd2 0-0 10. Nb3 Ra7 11. a4 b6 12. a5 c5 13. Ba3 Nd7 14. Qc2 Qc7 15. axb6 Qxb6 16. Rfb1 Qc7 17. Ng5 Nf5 18. Ne4 Bb7 19. Nbxc5 Rxa3 20. Nxb7 Rfa8 21. Rxa3 Rxa3 22. c5 Bf8 23. Qc4 Kg7 24. h4 Ra7 25. c6 Nb8 26. Ng5 Nd6 27. Qd5 Nxb7 28. cxb7 Na6 29. Kh2 h6 30. Nf3 Bd6 31. Nd2 Nb4 32. Qb3 Qc3 33. Qd1 Qc2 34. Qxc2 Nxc2 35. Nc4 Bc7 36. Nb6 Nb4 37. Nd7 Nc6 38. Bd5 Nb8 39. Nc5 Bd6 40. Nb3 Bc7 41. Kg2 g5 42. hxg5 hxg5 43. g4 Bb6 44. Kf3 Kg6 45. Ke4 Kf6 46. Bc4 Bc7 47. Kd5 Ke7 48. Bb5 f6 49. Nc5 Bb6 50. Ne4 Bc7 51. Ng3 Ba5 52. Nf5+ Kf7 53. Kd6 Bd8 54. Ng3 Ba5 55. Ne4 1-0